Long Walk to Freedom / (Record no. 593140)

000 -LEADER
fixed length control field 00835nam a22001697a 4500
003 - CONTROL NUMBER IDENTIFIER
control field NUST
005 - DATE AND TIME OF LATEST TRANSACTION
control field 20230206131011.0
020 ## - INTERNATIONAL STANDARD BOOK NUMBER
International Standard Book Number 0316545856
082 ## - DEWEY DECIMAL CLASSIFICATION NUMBER
Classification number 968.064092,MAN
100 ## - MAIN ENTRY--PERSONAL NAME
Personal name Mandela, Nelson
9 (RLIN) 9193
245 ## - TITLE STATEMENT
Title Long Walk to Freedom /
Remainder of title the autobiography of Nelson Mandela /
Statement of responsibility, etc. Nelson Mandela
260 ## - PUBLICATION, DISTRIBUTION, ETC.
Place of publication, distribution, etc. Services Book Club
Name of publisher, distributor, etc. Rawalpindi
Date of publication, distribution, etc. 2006
300 ## - PHYSICAL DESCRIPTION
Extent 555 p
505 ## - FORMATTED CONTENTS NOTE
Formatted contents note Part.1 A country chuldhood (Page-1), Part.2 Johannesburg (Page-53), Part.3 Birth of a freedom fighter (Page-81), Part.4 The struggle is my life (Page-123), Part.5 Treason (Page-171), Part.6 The black Pimpernel (Page-229), Part.7 Rivonia (Page-269), Robben Island the Dark Years (Page-331), Robben Island (Page-391), Talking with the enemy (Page-445), Freedom (Page-487).
650 ## - SUBJECT ADDED ENTRY--TOPICAL TERM
Topical term or geographic name entry element Autobiography of Nelson Mandela
9 (RLIN) 108671
942 ## - ADDED ENTRY ELEMENTS (KOHA)
Source of classification or shelving scheme
Koha item type Book
Holdings
Withdrawn status Lost status Source of classification or shelving scheme Damaged status Not for loan Permanent Location Current Location Shelving location Date acquired Shelving control number Total Checkouts Full call number Barcode Date last seen Price effective from Koha item type Public note
          Military College of Signals (MCS) Military College of Signals (MCS) General Stacks 02/06/2023 History   968.064092,MAN MCS37925 02/06/2023 02/06/2023 Book Almirah No.62, Shelf No.5
© 2023 Central Library, National University of Sciences and Technology. All Rights Reserved.